000 00200 a2200109 4500
020 _a9789502408057
041 _aspa
100 _aMoses, Brian
245 _aYo lo hago
942 _cBK
952 _71
999 _c16795
_d16795